[Event "19. Open de Sants Hostafrancs 2017"]
[Site "Barcelona ESP"]
[Date "2017.08.24"]
[Round "7.22"]
[White "Sturt, Raven M"]
[Black "Martin, Julian"]
[Result "0-1"]
[WhiteElo "2444"]
[BlackElo "2353"]
[PlyCount "137"]
[EventDate "2017.08.18"]
[EventType "swiss"]
[EventRounds "10"]
[EventCountry "ESP"]
[SourceTitle "Ajedrez en Madrid"]
[Source "lmi"]
[SourceDate "2017.08.18"]

1. d4 Nf6 2. Nf3 b6 3. g3 Bb7 4. Bg2 c5 5. c4 cxd4 6. O-O g6 7. Nxd4 Bxg2 8.
Kxg2 Bg7 9. Nc3 O-O 10. e4 Qc7 11. Qe2 Qb7 12. Rd1 Re8 13. f3 d6 14. Bg5 Nbd7
15. Rac1 Rac8 16. b3 a6 17. Qd2 Nc5 18. Kg1 Nfd7 19. Be3 Ne5 20. Qe2 Ned7 21.
Qd2 Ne5 22. Qe2 Ned7 23. Qg2 Ne5 24. h3 Ned7 25. Qd2 Ne5 26. Qf2 Ned7 27. Qd2
Ne5 28. Qf2 Ned7 29. Kh2 Ne5 30. Qe2 Ned7 31. Qf2 Ne5 32. Qe2 Ned7 33. Kg2 h6
34. Qd2 Kh7 35. Qf2 Ne5 36. Kh2 Ned7 37. Kg2 Ne5 38. Kh2 Ned7 39. Qg2 Ne5 40.
Bg1 Ned7 41. Qd2 Ne5 42. Kg2 Ned7 43. Re1 Rcd8 44. Rcd1 Ne5 45. a4 Ned7 46.
Nde2 Ne5 47. Nf4 Ncd7 48. Qc2 Nc6 49. Qd2 Nc5 50. Rb1 Nd7 51. Rec1 Nce5 52. Qe2
e6 53. Rc2 f5 54. Rd1 Nf6 55. exf5 exf5 56. Qf2 Nfd7 57. Nfd5 a5 58. f4 Nc6 59.
Qf3 Nc5 60. Nb5 Re4 61. Bf2 Kh8 62. Rcd2 Na7 63. Nbc7 Rd7 64. Nb5 Nxb5 65. axb5
Rd8 66. Kh2 Re6 67. Rc2 Rde8 68. Kg1 Nd7 69. Qd3 0-1

[Event "19. Open de Sants Hostafrancs 2017"]
[Site "Barcelona ESP"]
[Date "2017.08.24"]
[Round "7.23"]
[White "Ortiz Suarez, Isan Reynaldo"]
[Black "Vaishali, R."]
[Result "1/2-1/2"]
[WhiteElo "2556"]
[BlackElo "2327"]
[PlyCount "110"]
[EventDate "2017.08.18"]
[EventType "swiss"]
[EventRounds "10"]
[EventCountry "ESP"]
[SourceTitle "Ajedrez en Madrid"]
[Source "lmi"]
[SourceDate "2017.08.18"]

1. Nf3 d5 2. g3 g6 3. Bg2 Bg7 4. d4 Nf6 5. c4 c6 6. O-O O-O 7. Qb3 a5 8. Nc3
dxc4 9. Qxc4 Bf5 10. Qb3 Na6 11. a3 Qc8 12. Re1 Be6 13. Qc2 c5 14. Na4 cxd4 15.
Qxc8 Raxc8 16. Nxd4 Bd5 17. Nb6 Rcd8 18. Nxd5 Nxd5 19. Nb5 Nc5 20. Rb1 Nb3 21.
e4 Nb6 22. e5 Nd2 23. Bxd2 Rxd2 24. b3 Rc8 25. f4 Rcc2 26. Be4 Ra2 27. Rec1
Rxh2 28. Rc7 Rh3 29. Rc3 g5 30. Bg2 Rh6 31. Rd1 gxf4 32. Rd8+ Bf8 33. Nd4 e6
34. gxf4 Rg6 35. Nc2 Kg7 36. Kf2 Be7 37. Rb8 Bh4+ 38. Kf1 Rb2 39. Bxb7 Nd5 40.
Bxd5 exd5 41. Rcc8 Kh6 42. Ke2 a4 43. Kd3 Rg2 44. Rc6+ Kh5 45. Rbb6 Bf2 46. Ne3
Bxe3 47. Kxe3 Kg4 48. Kd4 Rxb3 49. Kxd5 Rd2+ 50. Ke4 Rxa3 51. Rf6 Ra1 52. Ke3
Rd7 53. Rb4 a3 54. Ra6 Kg3 55. Ke4 Kg4 1/2-1/2

[Event "19. Open de Sants Hostafrancs 2017"]
[Site "Barcelona ESP"]
[Date "2017.08.24"]
[Round "7.24"]
[White "Risting, Eivind Olav"]
[Black "Blomqvist, Erik"]
[Result "0-1"]
[WhiteElo "2331"]
[BlackElo "2525"]
[PlyCount "40"]
[EventDate "2017.08.18"]
[EventType "swiss"]
[EventRounds "10"]
[EventCountry "ESP"]
[SourceTitle "Ajedrez en Madrid"]
[Source "lmi"]
[SourceDate "2017.08.18"]

1. d4 Nf6 2. Bg5 d5 3. e3 c5 4. c3 Nbd7 5. Bd3 Qb6 6. Qc1 e5 7. dxe5 Nxe5 8.
Be2 Bf5 9. Bxf6 gxf6 10. Nf3 Nd3+ 11. Bxd3 Bxd3 12. Qd2 Qa6 13. Na3 O-O-O 14.
Rd1 Be4 15. c4 Rg8 16. Nh4 Be7 17. f3 dxc4 18. Qc3 Rxd1+ 19. Kxd1 Bd3 20. g3 b5
0-1

[Event "19. Open de Sants Hostafrancs 2017"]
[Site "Barcelona ESP"]
[Date "2017.08.24"]
[Round "7.25"]
[White "Escalante Ramirez, Brian Sebas"]
[Black "Hertneck, Gerald"]
[Result "0-1"]
[WhiteElo "2326"]
[BlackElo "2498"]
[PlyCount "88"]
[EventDate "2017.08.18"]
[EventType "swiss"]
[EventRounds "10"]
[EventCountry "ESP"]
[SourceTitle "Ajedrez en Madrid"]
[Source "lmi"]
[SourceDate "2017.08.18"]

1. e4 e6 2. d4 d5 3. Nc3 Nc6 4. Nf3 Nf6 5. e5 Ne4 6. Bd3 Bb4 7. O-O Nxc3 8.
bxc3 Bxc3 9. Rb1 h6 10. Ba3 a5 11. Bb5 Bd7 12. Ba4 Bb4 13. Bc1 b6 14. a3 Bf8
15. c3 Na7 16. Bc2 Nb5 17. Qd3 Nxa3 18. Bxa3 Bxa3 19. c4 Bb4 20. cxd5 exd5 21.
e6 Bxe6 22. Ne5 Bd6 23. Ng6 fxg6 24. Qxg6+ Kd7 25. Rfe1 Re8 26. Ba4+ c6 27.
Rbc1 Rc8 28. Rxc6 Rxc6 29. Rc1 Bc5 30. dxc5 b5 31. Bxb5 Qe7 32. Qb1 Rec8 33.
Bxc6+ Rxc6 34. Qb7+ Rc7 35. Qb5+ Kd8 36. Qxa5 Ke8 37. h3 Kf7 38. Qc3 Qf6 39.
Qa5 Qe5 40. Rc3 d4 41. Rc1 d3 42. Qd2 Qg5 43. f4 Qd5 44. Kh2 Bf5 0-1

[Event "19. Open de Sants Hostafrancs 2017"]
[Site "Barcelona ESP"]
[Date "2017.08.24"]
[Round "7.26"]
[White "Mordechai, Hanan"]
[Black "Valsecchi, Alessio"]
[Result "0-1"]
[WhiteElo "2326"]
[BlackElo "2493"]
[PlyCount "100"]
[EventDate "2017.08.18"]
[EventType "swiss"]
[EventRounds "10"]
[EventCountry "ESP"]
[SourceTitle "Ajedrez en Madrid"]
[Source "lmi"]
[SourceDate "2017.08.18"]

1. e4 c5 2. Nf3 d6 3. d4 cxd4 4. Nxd4 Nf6 5. Nc3 e6 6. g4 h6 7. h4 Be7 8. Qf3
Nfd7 9. g5 Ne5 10. Qg2 Nbc6 11. Nxc6 Nxc6 12. Be3 Qa5 13. O-O-O Bd7 14. g6 Rf8
15. gxf7+ Rxf7 16. f4 Rc8 17. Kb1 Nd8 18. Qd2 a6 19. Be2 Kf8 20. Rhg1 Bc6 21.
e5 dxe5 22. fxe5 Bb4 23. Bd4 Rd7 24. a3 Bxc3 25. Qxc3 Qxc3 26. Bxc3 Rxd1+ 27.
Rxd1 Bd5 28. Rf1+ Kg8 29. Kc1 Bc4 30. Bxc4 Rxc4 31. Rd1 Nf7 32. Rd7 Rxh4 33.
Rxb7 h5 34. Rb6 Rh1+ 35. Kd2 Ng5 36. Rxa6 h4 37. Ra8+ Kh7 38. Ke2 Ne4 39. Ra4
Nxc3+ 40. bxc3 g5 41. Kf3 Kg6 42. Ra8 Rh3+ 43. Kg2 Rxc3 44. a4 Kf5 45. Rf8+
Kxe5 46. Rf3 Rxc2+ 47. Kh3 Ke4 48. Rb3 Kf4 49. Rb4+ Kf5 50. Rb8 Rc3+ 0-1

[Event "19. Open de Sants Hostafrancs 2017"]
[Site "Barcelona ESP"]
[Date "2017.08.24"]
[Round "7.27"]
[White "Firat, Burak"]
[Black "Mingarro Carceller, Sergi"]
[Result "1-0"]
[WhiteElo "2482"]
[BlackElo "2319"]
[PlyCount "59"]
[EventDate "2017.08.18"]
[EventType "swiss"]
[EventRounds "10"]
[EventCountry "ESP"]
[SourceTitle "Ajedrez en Madrid"]
[Source "lmi"]
[SourceDate "2017.08.18"]

1. d4 d5 2. Nf3 Nf6 3. c4 e6 4. g3 Bb4+ 5. Bd2 Bd6 6. Bg2 c6 7. Nc3 O-O 8. O-O
Nbd7 9. b3 dxc4 10. bxc4 e5 11. e3 Bc7 12. Qc2 exd4 13. exd4 Nb6 14. Nd1 Be6
15. Ne3 Ng4 16. Nxg4 Bxg4 17. Be3 Qf6 18. Nd2 Bf5 19. Qb3 Rab8 20. a4 Nd7 21.
a5 Rfd8 22. Rfc1 Nf8 23. Nf3 h6 24. d5 b6 25. Bd4 Qd6 26. Be5 Qe7 27. Bxc7 Qxc7
28. Nd4 bxa5 29. Qc3 Bd7 30. dxc6 1-0

[Event "19. Open de Sants Hostafrancs 2017"]
[Site "Barcelona ESP"]
[Date "2017.08.24"]
[Round "7.28"]
[White "Rios, Cristhian Camilo"]
[Black "Bergez, Luc"]
[Result "1/2-1/2"]
[WhiteElo "2475"]
[BlackElo "2316"]
[PlyCount "51"]
[EventDate "2017.08.18"]
[EventType "swiss"]
[EventRounds "10"]
[EventCountry "ESP"]
[SourceTitle "Ajedrez en Madrid"]
[Source "lmi"]
[SourceDate "2017.08.18"]

1. d4 Nf6 2. c4 c6 3. Nc3 d5 4. Nf3 e6 5. Qb3 dxc4 6. Qxc4 b5 7. Qd3 Be7 8. g3
Bb7 9. Bg2 Nbd7 10. O-O O-O 11. Ng5 a6 12. Nce4 h6 13. Nxf6+ Nxf6 14. Ne4 Nxe4
15. Bxe4 Bf6 16. Rd1 e5 17. Qf3 exd4 18. Qf5 g6 19. Qf3 Bg7 20. e3 Qf6 21. Qxf6
Bxf6 22. exd4 Rad8 23. Be3 Rfe8 24. Bf3 Kg7 25. Rac1 Re6 26. b3 1/2-1/2

[Event "19. Open de Sants Hostafrancs 2017"]
[Site "Barcelona ESP"]
[Date "2017.08.24"]
[Round "7.29"]
[White "Gonzalez Acosta, Bernal"]
[Black "Buendia Pinar, Alvaro"]
[Result "1-0"]
[WhiteElo "2467"]
[BlackElo "2307"]
[PlyCount "117"]
[EventDate "2017.08.18"]
[EventType "swiss"]
[EventRounds "10"]
[EventCountry "ESP"]
[SourceTitle "Ajedrez en Madrid"]
[Source "lmi"]
[SourceDate "2017.08.18"]

1. d4 Nf6 2. c4 e6 3. g3 d5 4. Nf3 Be7 5. Bg2 O-O 6. O-O dxc4 7. Qc2 a6 8. a4
Bd7 9. Qxc4 Bc6 10. Bf4 a5 11. Nc3 Na6 12. Ne5 Bxg2 13. Kxg2 c6 14. e4 Nb4 15.
Rfd1 Rc8 16. Rac1 h6 17. Qe2 Bd6 18. Be3 Qe7 19. Nc4 Bc7 20. f3 Rfd8 21. Rd2
Ne8 22. Bf2 Nd6 23. b3 Nxc4 24. bxc4 Rd7 25. Rcd1 Rcd8 26. f4 b6 27. e5 f6 28.
exf6 Qxf6 29. Re1 Re8 30. Qf3 Rde7 31. Na2 Nxa2 32. Rxa2 g5 33. fxg5 Qxf3+ 34.
Kxf3 hxg5 35. Kg4 Bd8 36. Re5 Rd7 37. Be3 Kf7 38. Rd2 Bf6 39. Re4 Red8 40. Bxg5
Rxd4 41. Rexd4 Rxd4+ 42. Rxd4 Bxd4 43. Kf3 Ke8 44. Ke4 e5 45. g4 Bb2 46. Be3 b5
47. cxb5 cxb5 48. axb5 a4 49. Bc5 Kd7 50. h4 Ke6 51. b6 Kd7 52. h5 a3 53. Bxa3
Bxa3 54. h6 Bf8 55. g5 Kc6 56. Kxe5 Kxb6 57. Ke6 Kc6 58. Kf7 Bc5 59. g6 1-0

[Event "19. Open de Sants Hostafrancs 2017"]
[Site "Barcelona ESP"]
[Date "2017.08.24"]
[Round "7.30"]
[White "Matta, Vinay Kumar"]
[Black "Collins, Sam E"]
[Result "0-1"]
[WhiteElo "2293"]
[BlackElo "2443"]
[PlyCount "76"]
[EventDate "2017.08.18"]
[EventType "swiss"]
[EventRounds "10"]
[EventCountry "ESP"]
[SourceTitle "Ajedrez en Madrid"]
[Source "lmi"]
[SourceDate "2017.08.18"]

1. Nf3 d5 2. g3 g6 3. Bg2 Bg7 4. O-O e5 5. d3 Ne7 6. e4 O-O 7. exd5 Nxd5 8. Re1
Nc6 9. Nc3 Nxc3 10. bxc3 Be6 11. Rb1 Rb8 12. c4 Qc8 13. Ng5 Bg4 14. Qd2 h6 15.
f3 Bd7 16. Ne4 Re8 17. Bb2 Bh3 18. Bh1 Bf5 19. Qf2 Bxe4 20. fxe4 Qd7 21. Bc3
Nd4 22. Bxd4 exd4 23. Bg2 Be5 24. Qd2 h5 25. Rf1 a6 26. Qa5 c6 27. Rf3 Kg7 28.
Rbf1 f6 29. h4 b5 30. Qxa6 Ra8 31. Qb6 Reb8 32. Qc5 b4 33. Rb1 Qc7 34. Rxb4 Ra5
35. Qxa5 Qxa5 36. Rxb8 Bxb8 37. Bh3 Qxa2 38. g4 Qb1+ 0-1

[Event "19. Open de Sants Hostafrancs 2017"]
[Site "Barcelona ESP"]
[Date "2017.08.24"]
[Round "7.31"]
[White "Trent, Lawrence"]
[Black "Chalmeta Ugas, Ramon"]
[Result "1-0"]
[WhiteElo "2439"]
[BlackElo "2298"]
[PlyCount "59"]
[EventDate "2017.08.18"]
[EventType "swiss"]
[EventRounds "10"]
[EventCountry "ESP"]
[SourceTitle "Ajedrez en Madrid"]
[Source "lmi"]
[SourceDate "2017.08.18"]

1. c4 Nf6 2. Nc3 d5 3. cxd5 Nxd5 4. Nf3 g6 5. Qa4+ c6 6. Qd4 Nf6 7. Qxd8+ Kxd8
8. e4 Bg7 9. d4 h6 10. Bc4 Ke8 11. a3 Nbd7 12. h3 Nf8 13. Be3 Be6 14. d5 cxd5
15. exd5 Bd7 16. O-O Rc8 17. Bb3 b6 18. Rfe1 g5 19. Bd4 Ng6 20. d6 Kf8 21. Ne5
Nxe5 22. dxe7+ Kxe7 23. Bxe5 Be6 24. Bxe6 fxe6 25. Nb5 a5 26. Re2 Rhd8 27. Rae1
Nh5 28. Bc7 Rd5 29. Rxe6+ Kf8 30. Nd6 1-0

[Event "19. Open de Sants Hostafrancs 2017"]
[Site "Barcelona ESP"]
[Date "2017.08.25"]
[Round "8.1"]
[White "Jumabayev, Rinat"]
[Black "Vocaturo, Daniele"]
[Result "1/2-1/2"]
[WhiteElo "2610"]
[BlackElo "2596"]
[PlyCount "156"]
[EventDate "2017.08.18"]
[EventType "swiss"]
[EventRounds "10"]
[EventCountry "ESP"]
[SourceTitle "Ajedrez en Madrid"]
[Source "lmi"]
[SourceDate "2017.08.18"]

1. Nf3 Nf6 2. c4 g6 3. g3 Bg7 4. Bg2 O-O 5. d4 d6 6. O-O Bf5 7. Nc3 Ne4 8. Nxe4
Bxe4 9. Bh3 Bxf3 10. exf3 d5 11. Qb3 Nc6 12. Qxb7 Nxd4 13. Qxd5 Ne2+ 14. Kg2
Nxc1 15. Raxc1 Bxb2 16. Rcd1 Qxd5 17. Rxd5 e6 18. Rc5 Rfc8 19. Rb1 Bd4 20. Rc6
Rab8 21. Rb5 Kf8 22. Rxc7 Rxc7 23. Rxb8+ Ke7 24. Rb4 a5 25. Ra4 Bc3 26. f4 Rc5
27. Bg4 Bb4 28. Be2 Kd6 29. Bd3 f5 30. Kf3 h6 31. h4 h5 32. Be2 Kc6 33. Kg2 e5
34. Bf3+ e4 35. Bd1 Kb6 36. Bb3 Kc7 37. Kf1 Kd6 38. Ke2 Kc7 39. Kf1 Kd7 40. Ke2
Ke7 41. Kf1 Kd8 42. Ke2 Kc8 43. Kf1 Kb7 44. Ke2 Kb6 45. f3 exf3+ 46. Kxf3 Rc7
47. c5+ Rxc5 48. Bf7 Rc3+ 49. Kg2 Re3 50. Bxg6 Kb5 51. Rxb4+ Kxb4 52. Bxh5 Kc5
53. Kf2 Ra3 54. Bf7 Kd6 55. Kg2 Ke7 56. Bd5 Kf6 57. h5 a4 58. Kh3 Rd3 59. Bc4
Rc3 60. Bg8 Rc1 61. Kg2 Rc8 62. Bd5 Rh8 63. g4 fxg4 64. Kg3 Rxh5 65. Bc6 Rh3+
66. Kxg4 Ra3 67. Bd5 Rc3 68. Bg8 Rc7 69. Bd5 Rd7 70. Bc4 Rd1 71. Kf3 Rd4 72.
Bg8 Rd8 73. Bh7 Rh8 74. Bd3 Rh2 75. Bc4 Rc2 76. Bd5 Ke7 77. Ke4 Kd6 78. Bg8 Rc1
1/2-1/2

[Event "19. Open de Sants Hostafrancs 2017"]
[Site "Barcelona ESP"]
[Date "2017.08.25"]
[Round "8.2"]
[White "Moroni, Luca Jr"]
[Black "Praggnanandhaa, R."]
[Result "1/2-1/2"]
[WhiteElo "2476"]
[BlackElo "2487"]
[PlyCount "105"]
[EventDate "2017.08.18"]
[EventType "swiss"]
[EventRounds "10"]
[EventCountry "ESP"]
[SourceTitle "Ajedrez en Madrid"]
[Source "lmi"]
[SourceDate "2017.08.18"]

1. d4 Nf6 2. Nf3 e6 3. Bf4 d5 4. e3 Bd6 5. Bg3 O-O 6. Nbd2 c5 7. c3 b6 8. Ne5
Qc7 9. Bd3 Ba6 10. Bxa6 Nxa6 11. O-O Nb8 12. c4 cxd4 13. exd4 Nbd7 14. Rc1 Qb7
15. Qa4 Bxe5 16. dxe5 Nc5 17. Qa3 Nfe4 18. Nxe4 Nxe4 19. cxd5 Nxg3 20. Qxg3
Qxd5 21. a3 Rfd8 22. Rc7 Rac8 23. Qc3 Rxc7 24. Qxc7 Qd7 25. Qc3 h6 26. h3 Qd2
27. Rc1 Qe2 28. Re1 Qd2 29. Rc1 a5 30. b3 Qxc3 31. Rxc3 Rd5 32. a4 b5 33. axb5
Rxb5 34. Re3 h5 35. g4 Rb4 36. f3 Kh7 37. Kf2 h4 38. Rc3 Kh6 39. Ke3 Kg5 40.
Rd3 f6 41. f4+ Rxf4 42. Rd7 fxe5 43. Rxg7+ Kf6 44. Rh7 Rb4 45. Rxh4 Rxb3+ 46.
Ke4 Rb4+ 47. Ke3 Rb6 48. Rh6+ Kg7 49. Rh5 Rb5 50. Rg5+ Kf7 51. Rh5 Kg7 52. Rg5+
Kf7 53. Ke4 1/2-1/2

[Event "19. Open de Sants Hostafrancs 2017"]
[Site "Barcelona ESP"]
[Date "2017.08.25"]
[Round "8.3"]
[White "Schroeder, Jan-christian"]
[Black "Suarez Uriel, Adrian"]
[Result "1/2-1/2"]
[WhiteElo "2539"]
[BlackElo "2406"]
[PlyCount "39"]
[EventDate "2017.08.18"]
[EventType "swiss"]
[EventRounds "10"]
[EventCountry "ESP"]
[SourceTitle "Ajedrez en Madrid"]
[Source "lmi"]
[SourceDate "2017.08.18"]

1. e4 c5 2. Nf3 Nc6 3. d4 cxd4 4. Nxd4 e6 5. Nc3 Qc7 6. Be3 Nf6 7. f4 Nxd4 8.
Qxd4 Ng4 9. O-O-O Nxe3 10. Qxe3 a6 11. e5 d5 12. Bd3 Bd7 13. Ne2 Bc5 14. Nd4
O-O-O 15. Kb1 Kb8 16. Rhf1 Rc8 17. c3 Qb6 18. Rd2 g6 19. Rc1 Rc7 20. Be2
1/2-1/2

[Event "19. Open de Sants Hostafrancs 2017"]
[Site "Barcelona ESP"]
[Date "2017.08.25"]
[Round "8.4"]
[White "Ferreira, Jorge Viterbo"]
[Black "Oparin, Grigoriy"]
[Result "0-1"]
[WhiteElo "2499"]
[BlackElo "2609"]
[PlyCount "80"]
[EventDate "2017.08.18"]
[EventType "swiss"]
[EventRounds "10"]
[EventCountry "ESP"]
[SourceTitle "Ajedrez en Madrid"]
[Source "lmi"]
[SourceDate "2017.08.18"]

1. e4 e5 2. Nf3 Nc6 3. Bb5 a6 4. Ba4 Nf6 5. O-O Be7 6. Re1 b5 7. Bb3 d6 8. c3
O-O 9. h3 Nb8 10. d4 Nbd7 11. Nbd2 Bb7 12. Bc2 Re8 13. Nf1 Bf8 14. Ng3 g6 15.
Bd2 Bg7 16. Qc1 d5 17. dxe5 Nxe5 18. Nxe5 Rxe5 19. f4 Re8 20. e5 Nd7 21. b4 c5
22. Be3 Rc8 23. Qd1 cxb4 24. cxb4 Nxe5 25. fxe5 Bxe5 26. Nf5 gxf5 27. Bxf5 Rc4
28. Rb1 Qh4 29. Bf2 Qf4 30. Qh5 Qh2+ 31. Kf1 Qh1+ 32. Ke2 Qxg2 33. Rg1 Bg3+ 34.
Kd3 Re3+ 35. Kxe3 Qxf2+ 36. Kd3 Rd4+ 37. Kc3 Qd2+ 38. Kb3 Rxb4+ 39. Ka3 Qc3+
40. Rb3 Ra4# 0-1

[Event "19. Open de Sants Hostafrancs 2017"]
[Site "Barcelona ESP"]
[Date "2017.08.25"]
[Round "8.5"]
[White "Ramesh, R B."]
[Black "Agdestein, Simen"]
[Result "1/2-1/2"]
[WhiteElo "2470"]
[BlackElo "2604"]
[PlyCount "122"]
[EventDate "2017.08.18"]
[EventType "swiss"]
[EventRounds "10"]
[EventCountry "ESP"]
[SourceTitle "Ajedrez en Madrid"]
[Source "lmi"]
[SourceDate "2017.08.18"]

1. e4 e6 2. d4 d5 3. Nd2 Nf6 4. e5 Nfd7 5. c3 c5 6. Bd3 Nc6 7. Ngf3 a5 8. O-O
a4 9. Bc2 a3 10. c4 Be7 11. cxd5 exd5 12. dxc5 Nxc5 13. bxa3 Bg4 14. h3 Bh5 15.
Nb3 Ne6 16. Re1 Bxa3 17. Bxa3 Rxa3 18. Qd3 d4 19. Nfd2 Bg6 20. Qc4 d3 21. Bb1
O-O 22. Re3 Qb8 23. Nf3 Rc8 24. Bxd3 Nxe5 25. Nxe5 Rxc4 26. Bxc4 Qd6 27. Bxe6
fxe6 28. Nc4 Qb4 29. Nxa3 Qxa3 30. Rd1 b5 31. Nd4 Qa4 32. Rd2 Qc4 33. Nf3 h6
34. a3 Kh7 35. Kh2 Be8 36. Ne5 Qf4+ 37. Kg1 Qf6 38. Rc2 Qd8 39. Rc1 Qd2 40. Rc8
Bh5 41. g4 Qd1+ 42. Kh2 Qf1 43. Rf8 Be8 44. h4 g5 45. h5 Kg7 46. Ref3 Qe2 47.
Rxe8 Qxe5+ 48. Kh3 Qe1 49. Re7+ Kg8 50. Kh2 Qe5+ 51. Kg2 Qe4 52. Kg3 Qe5+ 53.
Kh3 Qe1 54. Rff7 Qh1+ 55. Kg3 Qg1+ 56. Kf3 Qd1+ 57. Ke3 Qb3+ 58. Ke4 Qd5+ 59.
Ke3 Qb3+ 60. Ke2 Qc2+ 61. Kf3 Qd1+ 1/2-1/2

[Event "19. Open de Sants Hostafrancs 2017"]
[Site "Barcelona ESP"]
[Date "2017.08.25"]
[Round "8.6"]
[White "Mons, Leon"]
[Black "Heimann, Andreas"]
[Result "1/2-1/2"]
[WhiteElo "2483"]
[BlackElo "2591"]
[PlyCount "80"]
[EventDate "2017.08.18"]
[EventType "swiss"]
[EventRounds "10"]
[EventCountry "ESP"]
[SourceTitle "Ajedrez en Madrid"]
[Source "lmi"]
[SourceDate "2017.08.18"]

1. d4 Nf6 2. Nf3 d5 3. c4 dxc4 4. e3 e6 5. Bxc4 c5 6. O-O Nc6 7. Nc3 cxd4 8.
exd4 Be7 9. a3 O-O 10. Re1 b6 11. d5 Na5 12. Ba2 Nxd5 13. Nxd5 exd5 14. Bxd5
Bb7 15. Bxb7 Nxb7 16. Qxd8 Bxd8 17. Bf4 Bf6 18. Be5 Bxe5 19. Nxe5 Rfc8 20. Rac1
Rxc1 21. Rxc1 Nc5 22. b4 Ne6 23. g3 Kf8 24. Kf1 f6 25. Nd3 Re8 26. Rc4 Kf7 27.
h4 Re7 28. Nf4 Rc7 29. Re4 Nxf4 30. Rxf4 Ke6 31. Rd4 Rd7 32. Rc4 Kd5 33. Rc8
Re7 34. Kg2 Ke4 35. Rd8 Rc7 36. a4 Ke5 37. a5 bxa5 38. bxa5 Ke6 39. g4 Rc5 40.
Rb8 Rxa5 1/2-1/2

[Event "19. Open de Sants Hostafrancs 2017"]
[Site "Barcelona ESP"]
[Date "2017.08.25"]
[Round "8.7"]
[White "Martin, Julian"]
[Black "Grigoryan, Karen H"]
[Result "1-0"]
[WhiteElo "2353"]
[BlackElo "2570"]
[PlyCount "63"]
[EventDate "2017.08.18"]
[EventType "swiss"]
[EventRounds "10"]
[EventCountry "ESP"]
[SourceTitle "Ajedrez en Madrid"]
[Source "lmi"]
[SourceDate "2017.08.18"]

1. e4 c5 2. Nf3 d6 3. d4 cxd4 4. Nxd4 Nf6 5. Nc3 a6 6. h3 g6 7. g4 Bg7 8. Be3
h5 9. g5 Nfd7 10. Qd2 O-O 11. O-O-O b5 12. f4 Bb7 13. Bg2 Nb6 14. b3 b4 15. Nd5
Nxd5 16. exd5 Qa5 17. Kb1 Rc8 18. f5 Rc5 19. fxg6 fxg6 20. Qd3 Kh7 21. Be4 Bxd5
22. Bxg6+ Kg8 23. Rhf1 Nd7 24. Bh7+ Kh8 25. Bf5 e6 26. Bg6 Nf8 27. Qe2 Nxg6 28.
Qxh5+ Kg8 29. Qxg6 Rc7 30. Nxe6 Re7 31. Bd4 Bxe6 32. Bxg7 1-0

[Event "19. Open de Sants Hostafrancs 2017"]
[Site "Barcelona ESP"]
[Date "2017.08.25"]
[Round "8.8"]
[White "Svetushkin, Dmitry"]
[Black "Salinas Herrera, Pablo"]
[Result "1-0"]
[WhiteElo "2558"]
[BlackElo "2411"]
[PlyCount "93"]
[EventDate "2017.08.18"]
[EventType "swiss"]
[EventRounds "10"]
[EventCountry "ESP"]
[SourceTitle "Ajedrez en Madrid"]
[Source "lmi"]
[SourceDate "2017.08.18"]

1. e4 c5 2. Nf3 d6 3. Bb5+ Nd7 4. c3 Ngf6 5. Bd3 b6 6. O-O Bb7 7. Re1 Qc7 8.
Bc2 Rc8 9. Na3 e6 10. Nb5 Qb8 11. d4 a6 12. Na3 cxd4 13. cxd4 b5 14. d5 e5 15.
Be3 b4 16. Nb1 Qc7 17. Bd3 Ng4 18. Bg5 h6 19. Bh4 Ngf6 20. Bxf6 Nxf6 21. Qa4+
Nd7 22. Nbd2 Be7 23. Nb3 O-O 24. Rec1 Qd8 25. Rxc8 Qxc8 26. Rc1 Nc5 27. Nxc5
dxc5 28. Nxe5 Qc7 29. Nc4 f5 30. exf5 Bxd5 31. Ne3 Bf7 32. Bc4 Bxc4 33. Rxc4
Qe5 34. Qc2 Bf6 35. Rxc5 Qxb2 36. Qxb2 Bxb2 37. Ra5 Rc8 38. g3 Rc1+ 39. Kg2 Bd4
40. Rxa6 Ra1 41. Ra4 Bc5 42. g4 Kf7 43. h4 Rb1 44. Nc4 Rd1 45. Ra6 Kf8 46. Ra8+
Ke7 47. Ra5 1-0

[Event "19. Open de Sants Hostafrancs 2017"]
[Site "Barcelona ESP"]
[Date "2017.08.25"]
[Round "8.9"]
[White "Diaz Camallonga, Carles"]
[Black "Novikov, Stanislav"]
[Result "1/2-1/2"]
[WhiteElo "2437"]
[BlackElo "2538"]
[PlyCount "130"]
[EventDate "2017.08.18"]
[EventType "swiss"]
[EventRounds "10"]
[EventCountry "ESP"]
[SourceTitle "Ajedrez en Madrid"]
[Source "lmi"]
[SourceDate "2017.08.18"]

1. e4 c5 2. Nf3 e6 3. d4 cxd4 4. Nxd4 Nc6 5. Nb5 d6 6. c4 Nf6 7. N1c3 a6 8. Na3
Qa5 9. Bd2 Be7 10. Be2 O-O 11. O-O Qe5 12. Bd3 Nb4 13. Bb1 Bd7 14. Be3 Rac8 15.
Bd4 Qa5 16. c5 d5 17. exd5 exd5 18. Nc2 Nc6 19. b4 Qd8 20. Na4 Nxd4 21. Nxd4
Bxa4 22. Qxa4 g6 23. Bd3 Ng4 24. Be2 Ne5 25. Rad1 Bf6 26. Qb3 Rc7 27. Rd2 Re8
28. Rfd1 Nc4 29. Bxc4 dxc4 30. Qxc4 Rd7 31. Nf3 Rxd2 32. Rxd2 Re1+ 33. Nxe1
Qxd2 34. Nf3 Qd1+ 35. Qf1 Qc2 36. g3 Qxa2 37. Qd3 Qa4 38. Qe4 Qd7 39. Qc4 Kg7
40. Kf1 Qa4 41. Ne1 Qd1 42. Qc2 Qd4 43. Qb3 Qe4 44. h4 h5 45. Nc2 Be5 46. Qe3
Qc4+ 47. Qe2 Qd5 48. Qe3 Qc4+ 49. Qe2 Qc3 50. Qe3 Qb2 51. Qe4 Bc3 52. Kg2 a5
53. bxa5 Qb5 54. Ne3 Qxc5 55. Qxb7 Qxa5 56. Qd5 Qa7 57. Qe4 Bd4 58. Kf3 Qc5 59.
Nd5 Kf8 60. Ne3 Qc3 61. Ke2 Kg7 62. Qd3 Qc5 63. Qe4 Qc3 64. Qd3 Qc5 65. Qe4 Qc3
1/2-1/2

[Event "19. Open de Sants Hostafrancs 2017"]
[Site "Barcelona ESP"]
[Date "2017.08.25"]
[Round "8.10"]
[White "Krysa, Leandro"]
[Black "Munoz, Miguel"]
[Result "1-0"]
[WhiteElo "2537"]
[BlackElo "2497"]
[PlyCount "87"]
[EventDate "2017.08.18"]
[EventType "swiss"]
[EventRounds "10"]
[EventCountry "ESP"]
[SourceTitle "Ajedrez en Madrid"]
[Source "lmi"]
[SourceDate "2017.08.18"]

1. d4 Nf6 2. c4 c5 3. d5 e6 4. Nc3 exd5 5. cxd5 d6 6. e4 a6 7. f4 Bg4 8. Qa4+
Bd7 9. Qc2 Qe7 10. Nf3 Bg4 11. Be2 Nbd7 12. O-O Bxf3 13. Bxf3 g6 14. e5 dxe5
15. d6 Qxd6 16. Bxb7 Rb8 17. fxe5 Qd4+ 18. Kh1 Rxb7 19. exf6 Bd6 20. Bh6 Qh4
21. Bf4 Rxb2 22. Qe4+ Be5 23. Rae1 O-O 24. Bxe5 Qxe4 25. Rxe4 Rc2 26. Nd5 Nxe5
27. Rxe5 h5 28. h3 Rxa2 29. Ne7+ Kh7 30. Rxc5 Rd8 31. Rd5 Rb8 32. Nc6 Rbb2 33.
Ra5 Rxg2 34. Rxa2 Rxa2 35. Ne5 Kg8 36. Rd1 Rf2 37. Rd8+ Kh7 38. Rd6 a5 39. Nxf7
a4 40. Ng5+ Kh6 41. h4 Rf4 42. f7 a3 43. f8=Q+ Rxf8 44. Rd7 1-0

[Event "19. Open de Sants Hostafrancs 2017"]
[Site "Barcelona ESP"]
[Date "2017.08.25"]
[Round "8.11"]
[White "Vera Siguenas, Deivy"]
[Black "Karthik, Venkataraman"]
[Result "1/2-1/2"]
[WhiteElo "2525"]
[BlackElo "2316"]
[PlyCount "82"]
[EventDate "2017.08.18"]
[EventType "swiss"]
[EventRounds "10"]
[EventCountry "ESP"]
[SourceTitle "Ajedrez en Madrid"]
[Source "lmi"]
[SourceDate "2017.08.18"]

1. e4 c5 2. Nf3 d6 3. Bb5+ Bd7 4. Bxd7+ Qxd7 5. O-O Nc6 6. c3 Nf6 7. Re1 e6 8.
d4 cxd4 9. cxd4 d5 10. e5 Ne4 11. Nbd2 Nxd2 12. Bxd2 Be7 13. Rc1 O-O 14. Rc3
Rfc8 15. a3 Nd8 16. Rd3 Qc6 17. h4 Qc4 18. Qb1 h6 19. h5 Rc6 20. Rc1 Qb5 21.
Rxc6 Qxc6 22. Rc3 Qd7 23. Nh2 Rc8 24. Rg3 Kh8 25. Ng4 Qa4 26. Rc3 Rc6 27. Rd3
Rb6 28. Kh2 Qb5 29. b4 Qe8 30. Qd1 Qg8 31. Rc3 Rc6 32. b5 Rxc3 33. Bxc3 Bxa3
34. Qa4 Be7 35. Qxa7 f5 36. exf6 gxf6 37. Ne3 Qe8 38. Qb8 Qxb5 39. Qc7 Qe8 40.
Kg1 Qf8 41. Qd7 Bd6 1/2-1/2